000 00469nam a2200169 i 4500
001 73153
003 ES-MaACL
005 20250805063245.0
007 t|
008 040907s1973 sp ||||1| spa d
100 1 _aGómez Pérez, Rafael,
_d1935-
_958110
245 1 3 _aLa fé y los días /
_cRafael Gómez Pérez.
260 _aMadrid :
_bPalabra,
_c[1973]
300 _a134 p. ;
_c18 cm.
852 _aES-MaACL
_jC-55384
_bR.87894
999 _c73153
_d73153